La vida d'en Joan Ventura (Record no. 134419)

MARC details
000 -LEADER
campo de control de longitud fija 00582nam a2200193 i 4500
001 - NÚMERO DE CONTROL
campo de control 134419
003 - IDENTIFICADOR DE NÚMERO DE CONTROL
campo de control ES-MaACL
005 - FECHA Y HORA DE LA ÚLTIMA TRANSACCIÓN
campo de control 20230906194653.0
007 - CAMPO FIJO DE DESCRIPCIÓN FÍSICA--INFORMACIÓN GENERAL
campo de control de longitud fija t|
008 - DATOS DE LONGITUD FIJA--INFORMACIÓN GENERAL
campo de control de longitud fija 070910s1963 sp ||||1| cat d
100 1# - ENTRADA PRINCIPAL--NOMBRE DE PERSONA
Nombre de persona Xuriguera, Joan Baptista (
Fechas asociadas al nombre 1908-1987)
9 (RLIN) 117525
245 13 - MENCIÓN DEL TÍTULO
Título La vida d'en Joan Ventura
Resto del título : el pare : novella /
Mención de responsabilidad, etc. Joan Baptista Xuriguera.
260 ## - PUBLICACIÓN, DISTRIBUCIÓN, ETC.
Lugar de publicación, distribución, etc. Barcelona :
Nombre del editor, distribuidor, etc. Publicaciones Ilerda,
Fecha de publicación, distribución, etc. 1963.
300 ## - DESCRIPCIÓN FÍSICA
Extensión 227 p. ;
Dimensiones 21 cm.
490 1# - MENCIÓN DE SERIE
Mención de serie Ilerda ;
Designación de volumen o secuencia 5
830 0# - PUNTO DE ACCESO ADICIONAL DE SERIE-TÍTULO UNIFORME
Título uniforme Ilerda ;
Designación de volumen o secuencia 5
9 (RLIN) 219846
852 ## - LOCALIZACIÓN
Ubicación ES-MaACL
Número de control de estantería G-7304
Sublocalización o colección R.53595
Holdings
Estatus retirado Estado de pérdida Estado de daño No para préstamo Biblioteca de origen Biblioteca actual Ubicación en estantería Fecha de adquisición Fuente de adquisición Total de préstamos Signatura topográfica completa Código de barras Visto por última vez Precio de reemplazo Tipo de ítem Koha
        Biblioteca del Ateneo de Madrid Biblioteca del Ateneo de Madrid Depósito 2 17/01/2008     G-7304 1139916 23/02/2023 23/02/2023 Libro impreso